| 000 | 00669nam a2200205 i 4500 | ||
|---|---|---|---|
| 001 | 119070 | ||
| 003 | ES-MaACL | ||
| 005 | 20250804062615.0 | ||
| 007 | t| | ||
| 008 | 070214s1944 sp |||| | spa d | ||
| 100 | 1 |
_aPérez Galdós, Benito, _d1843-1920 _990871 |
|
| 245 | 1 | 0 |
_aAntología nacional / _cBenito Pérez Galdós ; selección y prólogo de Maximiano García Venero. |
| 260 |
_aMadrid : _bFé, _c1944. |
||
| 300 |
_a2 v. ; _c17 cm. |
||
| 490 | 1 | _aBreviarios del pensamiento español | |
| 700 | 1 |
_aGarcía Venero, Maximiano. _955393 |
|
| 830 | 1 |
_aBreviarios del pensamiento español _9180739 |
|
| 852 |
_aES-MaACL _jB-10140-41 |
||
| 999 |
_c119070 _d119070 |
||